O Conde de Linhares (Record no. 65971)
[ view plain ]
| 000 -LEADER | |
|---|---|
| campo de control de longitud fija | 00669nam a2200193 i 4500 |
| 001 - NÚMERO DE CONTROL | |
| campo de control | 65971 |
| 003 - IDENTIFICADOR DE NÚMERO DE CONTROL | |
| campo de control | ES-MaACL |
| 005 - FECHA Y HORA DE LA ÚLTIMA TRANSACCIÓN | |
| campo de control | 20251014063128.0 |
| 007 - CAMPO FIJO DE DESCRIPCIÓN FÍSICA--INFORMACIÓN GENERAL | |
| campo de control de longitud fija | t| |
| 008 - DATOS DE LONGITUD FIJA--INFORMACIÓN GENERAL | |
| campo de control de longitud fija | 040123q1908 po f |||| |bpor d |
| 100 1# - ENTRADA PRINCIPAL--NOMBRE DE PERSONA | |
| Nombre de persona | Funchal, Agostinho de Sousa Coutinho, |
| Fechas asociadas al nombre | 1866-1923, |
| Títulos y otros términos asociados al nombre | Marquez do |
| 9 (RLIN) | 53020 |
| 245 12 - MENCIÓN DEL TÍTULO | |
| Título | O Conde de Linhares |
| Resto del título | : Don Rodrigo Domingos Antonio de Sousa Coutinho / |
| Mención de responsabilidad, etc. | Marquez do Funchal. |
| 260 ## - PUBLICACIÓN, DISTRIBUCIÓN, ETC. | |
| Lugar de publicación, distribución, etc. | Lisboa : |
| Nombre del editor, distribuidor, etc. | Bayard, |
| Fecha de publicación, distribución, etc. | [1908?] |
| 300 ## - DESCRIPCIÓN FÍSICA | |
| Extensión | 366 p., 1 lám. ; |
| Dimensiones | 24 cm. |
| 600 17 - PUNTO DE ACCESO ADICIONAL DE MATERIA--NOMBRE DE PERSONA | |
| Nombre de persona | Coutinho, Rodrigo de Sousa, |
| Títulos y otros términos asociados al nombre | Conde de Linhares, |
| Fechas asociadas al nombre | 1745-1812 |
| Fuente del encabezamiento o término | |
| 9 (RLIN) | 159773 |
| 852 ## - LOCALIZACIÓN | |
| Ubicación | ES-MaACL |
| Número de control de estantería | G-2544 |
| 852 ## - LOCALIZACIÓN | |
| Ubicación | ES-MaACL |
| Número de control de estantería | G-8902 |
| Estatus retirado | Estado de pérdida | Estado de daño | No para préstamo | Biblioteca de origen | Biblioteca actual | Ubicación en estantería | Fecha de adquisición | Fuente de adquisición | Total de préstamos | Signatura topográfica completa | Código de barras | Visto por última vez | Precio de reemplazo | Tipo de ítem Koha |
|---|---|---|---|---|---|---|---|---|---|---|---|---|---|---|
| Biblioteca del Ateneo de Madrid | Biblioteca del Ateneo de Madrid | Sala Pecera Planta 3 | 17/01/2008 | G-8902 | 1069113 | 23/02/2023 | 23/02/2023 | Libro impreso | ||||||
| Biblioteca del Ateneo de Madrid | Biblioteca del Ateneo de Madrid | Depósito 2 | 17/01/2008 | G-2544 | 1069112 | 23/02/2023 | 23/02/2023 | Libro impreso |
